Wedding Dreams. 3, Řekni ano tomu pravému /

Milostný román vypráví o zdánlivě neohrožené Willow, která je rozhodnuta nikdy se nezamilovat. Proto by měla ráda povrchní vztah se Sethem. To se ale pekelně spletla. On je totiž přesně muž, který chce všechno a navždy.

Uloženo v:
Série:Wedding Dreams, část 3
Hlavní autor: Hartig, Daniela, 1976-2022 (Autor)
Další autoři: Špundová, Barbora, 1986- (Autor)
Médium: Kniha
Jazyk:Czech
Vydáno: Praha : Baronet, 2026
Vydání:1. vydání
Témata:
Celkem bylo vypůjčeno:0x
Příbuzné jednotky:Z cyklu:: Wedding Dreams
Tagy:
Žádné tagy
LEADER 02650nam a2200481 i 4500
001 106498
003 CZ PrNK
005 20260604172753.0
007 ta
008 260519s2026 xr a g 000 f cze
015 |a cnb003758988 
020 |a 9788026928843  |q (brožováno) :  |c Kč 399,00 
040 |a ABG001  |b cze  |e rda 
041 1 |a cze  |h ger 
072 7 |a 821.112.2-3  |x Německá próza, německy psaná  |2 Konspekt  |9 25 
080 |a 821.112.2-31  |2 MRF 
080 |a (0:82-312.5)  |2 MRF 
080 |a (0:82-31)-055.2  |2 MRF 
100 1 |a Hartig, Daniela,  |d 1976-2022  |7 xx0338478  |4 aut  |9 116861 
240 1 0 |a Say yes to mister Right.  |l Česky 
245 1 0 |a Wedding Dreams.  |n 3,  |p Řekni ano tomu pravému /  |c Daniela Hartig ; z německého originálu Say Yes to Mister Right ... přeložila Barbora Špundová 
246 3 0 |a Řekni ano tomu pravému 
250 |a 1. vydání 
264 1 |a Praha :  |b Baronet,  |c 2026 
300 |a 335 stran :  |b ilustrace ;  |c 20 cm 
336 |a text  |b txt  |2 rdacontent 
337 |a bez média  |b n  |2 rdamedia 
338 |a svazek  |b nc  |2 rdacarrier 
520 2 |a Milostný román vypráví o zdánlivě neohrožené Willow, která je rozhodnuta nikdy se nezamilovat. Proto by měla ráda povrchní vztah se Sethem. To se ale pekelně spletla. On je totiž přesně muž, který chce všechno a navždy.  |b Romantika je pro začátečníky. To je Willowino motto. Pracuje sice jako fotografka ve svatební agentuře, ale to neznamená, že musí věřit ve velkou osudovou lásku. Proto má pro svůj románek s atraktivním Sethem jen jedno pravidlo: Sex ano, líbání zakázáno. Prostě striktní přátelství s výhodami! A navíc je to přece sen všech mužů, nebo ne?! Zábava bez závazků a povinností. Ale Seth není jako ostatní muži. Seth je přesně ten typ muže, kterého Willow považuje za pohádku. Upřímný, věrný a zároveň pekelně sexy. Chce Willow buď celou nebo vůbec. Nakladatelská anotace. Kráceno. 
546 |a Český text 
655 7 |a německé romány  |7 fd132945  |2 czenas  |9 53752 
655 7 |a milostné romány  |7 fd132840  |2 czenas  |9 53718 
655 7 |a romány pro ženy  |7 fd187897  |2 czenas  |9 115 
655 9 |a German fiction  |2 eczenas 
655 9 |a love novels  |2 eczenas 
655 9 |a women's novels  |2 eczenas 
700 1 |a Špundová, Barbora,  |d 1986-  |7 xx0236667  |4 trl  |9 110597 
710 2 |a Baronet (nakladatelství)  |7 xx0220126  |4 pbl  |9 117170 
787 0 8 |i Z cyklu:  |t Wedding Dreams  |g 3 
910 |a UOG502 
942 |2 ddc  |c KN 
999 |d 106498 
993 |0 0  |1 421180107218  |2 ddc  |4 0  |7 0  |9 99942  |b 0  |c 107218  |d 2026-06-04  |e 0  |f DOSP  |h 399.00  |i Koupě  |l DOSP  |r 2026-06-04  |t 6  |w 2026-06-04  |y KN  |z BELET  |n